000 00971nam a2200205Ia 4500
999 _c52632
_d52632
001 19656
003 GE_BSU
005 20200314192656.0
008 181216s1954||||ge |||||||||||||| ||geo||
040 _cGE_BSU
041 _ageo
080 _a811.352.2(063) გ-94
245 _aდ.გულიას სახელობის აფხაზეთის ენის, ლიტერატურისა და ისტორიის ინსტიტუტის შრომები = Труды Абхазского института азыка, литературы и истории им. Д. И. Гулиа XXV /
_cრედ. ხ. გღაჟბა.
264 _aსოხუმი :
_bსაქ. მეცნ. აკად. გამ–ბა,
_c1954.
300 _a375 გვ. ;
_c25 სმ.
541 _h2ლ.56თ.
653 _aშრომები
700 _aგღაჟბა, ხ.
_eრედაქტორი
_97727
942 _cBK
_2udc